Normal view
MARC view
- Carbajal Huerta, Elizabeth
Entry Nombre Personal
001 - NUMERO DE CONTROL
- campo de control: 48812
003 - IDENTIFICADOR DE NUMERO DE CONTROL
- campo de control: UPN
005 - FECHA Y HORA DE LA ÜLTIMA TRANSACCIÓN
- campo de control: 20230508133027.0
008 - DATOS DE LONGITUD FIJA
- campo de control de longitud fija: 230508nn acnnnaabn a aaa d
040 ## - FUENTE DE CATALOGACIÓN
- Agencia original de catalogación: MX-MxUPN
- Lenguaje de catalogación: spa
100 1# - ENCABEZAMIENTO - NOMBRE PERSONAL
- Nombre personal: Carbajal Huerta, Elizabeth
400 1# - VEÁSE - NOMBRE DE PERSONA
- Personal name: Huerta, ElizabethCarbajal
670 ## - FUENTE EN LA QUE SE LOCALIZARON DATOS
- Cita de la fuente: La entidad donde vivo, 2012:
- Información localizada: reverso de la portada (Elizabeth Carvajal Huerta)
675 ## - FUENTE CONSULTADA SIN DATOS
- Source citation: La entidad donde vivo, 2120:
902 ## - CATALOGADOR
- Catalogador: VíctorGodínez/080523
